| 000 | 00681nam a22002057a 4500 | ||
|---|---|---|---|
| 003 | 0 | ||
| 005 | 20240524114308.0 | ||
| 008 | 240524b xxu||||| |||| 00| 0 eng d | ||
| 010 | _a9786219524292 | ||
| 050 |
_aKPM 810 _b.D66 2020 |
||
| 100 | _aDomingo, Andrix | ||
| 245 |
_aObligations & contracts : laws, principles, & jurisprudence _cAndrix D. Domingo |
||
| 250 | _aFourth edition | ||
| 260 |
_aBenguet _bCoaching for Results _c2020 |
||
| 300 |
_a677 pages ; _c23cm. |
||
| 501 | _a2020 Features: Preliminary Examination Midterm Examination Final Examination | ||
| 650 | _aContracts -- Philippines. | ||
| 651 | _aObligations ( law ) -- Philippines. | ||
| 942 |
_2lcc _cBK |
||
| 999 |
_c365995 _d365995 |
||